| 000 | 00610nam a2200157 a 4500 | ||
|---|---|---|---|
| 008 | 120416s1973 ||||||||||||||||| || u | ||
| 050 | _aQC 174.12 Mos | ||
| 100 | _aMoss, R. E | ||
| 245 | 1 | 0 | _aAdvanced molecular quantum mechanics: an introduction to delativistic quantum mechanics and the quantum theory |
| 260 |
_aLondon _bChapman and Hall _c1973 |
||
| 300 | _axvi, 300p. | ||
| 350 | _a0.00 | ||
| 650 | _aQUANTUM MECHANICS | ||
| 650 | _aMECHANICS | ||
| 995 |
_D0.00 _FCBU-MAIN LIBRARY (Kitwe) _H1 _I5.90 _M1 _UAVAILABLE _ZAnnex Low-Usage Collection |
||
| 999 |
_c33576 _d33576 |
||